Landownership by public and semi-public institutions in the U.K. (Record no. 92567)

MARC details
000 -LEADER
fixed length control field 00541cam a2200217 4500
001 - CONTROL NUMBER
control field D5421
008 - FIXED-LENGTH DATA ELEMENTS--GENERAL INFORMATION
fixed length control field 090401t1977 xxu||||| |||| 00| 0 eng d
035 ## - SYSTEM CONTROL NUMBER
System control number (Sirsi) u49484
041 ## - LANGUAGE CODE
Language code of text/sound track or separate title eng
050 ## - LIBRARY OF CONGRESS CALL NUMBER
Classification number 333.3
100 ## - MAIN ENTRY--PERSONAL NAME
Personal name Harrison, Alan
245 ## - TITLE STATEMENT
Title Landownership by public and semi-public institutions in the U.K.
260 ## - PUBLICATION, DISTRIBUTION, ETC.
Place of publication, distribution, etc. Reading
Name of publisher, distributor, etc. Reading University CAS
Date of publication, distribution, etc. 1977
300 ## - PHYSICAL DESCRIPTION
Extent 69p. 11cm
350 ## - PRICE (NR) (BK AM CF MU VM SE) [OBSOLETE]
Price 0
490 ## - SERIES STATEMENT
Series statement CAS Paper
Volume/sequential designation 3
700 ## - ADDED ENTRY--PERSONAL NAME
Personal name Tranter, R.B.
700 ## - ADDED ENTRY--PERSONAL NAME
Personal name Gibbs, R.S.
942 ## - ADDED ENTRY ELEMENTS (KOHA)
Suppress in OPAC 0
948 ## - LOCAL PROCESSING INFORMATION (OCLC); SERIES PART DESIGNATOR (RLIN)
c (OCLC) 04/03/1997
Holdings
Withdrawn status Lost status Source of classification or shelving scheme Damaged status Not for loan Home library Current library Shelving location Date acquired Total Checkouts Full call number Barcode Date last seen Copy number Price effective from Koha item type
    Dewey Decimal Classification     London London Books 14/09/1999   333.3 30002361 06/08/2019 1 06/08/2019 Book